Wax Polishes Manufacturing Handbook: (Record no. 203918)

MARC details
000 -LEADER
fixed length control field 00737nam a22001817a 4500
005 - DATE AND TIME OF LATEST TRANSACTION
control field 20240703161123.0
010 ## - LCCN (DPL NO)
LC control number ENG-140745
020 ## - INTERNATIONAL STANDARD BOOK NUMBER
Terms of availability 1675.00
International Standard Book Number 9788193733936
035 ## - SYSTEM CONTROL NUMBER
System control number EN-124277
037 ## - SOURCE OF ACQUISITION
Source of stock number/acquisition DBAD
082 ## - DEWEY DECIMAL CLASSIFICATION NUMBER
Classification number 668.4
100 ## - MAIN ENTRY--PERSONAL NAME
Personal name by NPCS Board of Consultants & Engineers
245 ## - TITLE STATEMENT
Title Wax Polishes Manufacturing Handbook:
Remainder of title with Process and Formulae/
Statement of responsibility, etc by NPCS Board of Consultants & Engineers
260 ## - PUBLICATION, DISTRIBUTION, ETC. (IMPRINT)
Place of publication, distribution, etc Delhi
Name of publisher, distributor, etc Niir Project Consultancy Services
Date of publication, distribution, etc 2019
270 ## - ADDRESS
City Delhi
Address 106-E, Opp. Spark Mall, Kamla Nagar
Postal code 110007
Telephone number 01123842955
-- 01123845654
-- 01123845886
-- 08800733955
Fax number +911123845886
Electronic mail address npcs.india@gmail.com
-- info@niir.org
300 ## - PHYSICAL DESCRIPTION
Extent xxi, 362p.
Dimensions 21cm (pb)
942 ## - ADDED ENTRY ELEMENTS (KOHA)
Source of classification or shelving scheme Dewey Decimal Classification
Item type English Books
Classification part 668.4
Call number suffix WAX
Holdings
Withdrawn status Lost status Not for loan Collection code Home library Current library Date acquired Source of acquisition Cost, normal purchase price Full call number Barcode Copy number Cost, replacement price Koha item type
      Non-fiction Central Library Central Library 03/07/2024 DBAD 1675.00 668.4 WAX EN-124277 1 1675.00 English Books

© Delhi Public Library
Hit Counter
free hit counter